| 000 | 00000nas 2200000za 4500 |
| 001 | 9.818223 |
| 003 | CaOODSP |
| 005 | 20221107142651 |
| 007 | cr ||||||||||| |
| 008 | 160524d19461946oncgr p oss f000#b0fre|d |
| 022 | |y0837-9548 |
| 040 | |aCaOODSP|bfre |
| 043 | |an-cn--- |
| 086 | 1 |aCS81-401F-PDF |
| 245 | 00|aEnseignement élémentaire et enseignement secondaire au Canada |h[ressource électronique]. |
| 260 | |aOttawa : |bBureau fédéral de la statistique, Division de l'éducation, |c1949. |
| 310 | |aBiennal |
| 362 | 0 |a1944/1946. |
| 490 | 0 |aL'aperçu biennal sur l'enseignement au Canada ; |vpartie I |
| 500 | |aPubli. aussi en anglais sous le titre : Elementary and secondary education in Canada. |
| 500 | |aÉdition numérisée de l’imprimé [par Statistique Canada]. |
| 692 | 07|2gccst|aEnseignement primaire |
| 692 | 07|2gccst|aEnseignement secondaire |
| 710 | 1 |aCanada.|bBureau fédéral de la statistique.|bDivision de l'éducation. |
| 775 | 08|tElementary and secondary education in Canada |w(CaOODSP)9.818221 |
| 780 | 00|tÉducation élémentaire et éducation secondaire au Canada |w(CaOODSP)9.818222 |
| 785 | 00|tRelevé de l'enseignement élémentaire et de l'enseignement secondaire |w(CaOODSP)9.818242 |